|
|
|
|
| LEADER |
00000cac a22000007a 4500 |
| 001 |
200362 |
| 003 |
Ucuenca |
| 005 |
20230308224736.0 |
| 008 |
170130b2001 xxu||||| |||| 00| 0 spa d |
| 020 |
|
|
|a 92 75 32287 2
|
| 040 |
|
|
|b spa
|
| 041 |
0 |
|
|a es
|
| 082 |
0 |
|
|a 362.1
|
| 100 |
1 |
|
|a Hartigan, Pamela
|9 188095
|
| 245 |
|
|
|a Enfermedades transmisibles, género y equidad en la salud
|c Pamela Hartigan
|h imp
|
| 264 |
|
|
|a Washington
|b Organización Panamericana de la Salud
|c 2001
|
| 300 |
|
|
|a vi, 29 páginas:
|b tab
|c 28 cm
|
| 490 |
|
|
|a Publicación Ocasional
|n no. 7
|
| 504 |
|
|
|a incl. ref.
|
| 650 |
|
0 |
|a Enfermedades transmisibles
|9 3658
|
| 650 |
|
4 |
|a Género
|9 4930
|
| 650 |
|
0 |
|a Equidad
|9 2532
|
| 942 |
|
|
|c CR
|2 ddc
|r margoth.maza@ucuenca.edu.ec
|
| 999 |
|
|
|c 150117
|d 150117
|